At home in the universe / (Record no. 121721)
[ view plain ]
| 000 -LEADER | |
|---|---|
| fixed length control field | 00961fam a2200325 a 4500 |
| 001 - CONTROL NUMBER | |
| control field | 1154283 |
| 003 - CONTROL NUMBER IDENTIFIER | |
| control field | ARRUPE |
| 005 - DATE AND TIME OF LATEST TRANSACTION | |
| control field | 20150116112226.0 |
| 008 - FIXED-LENGTH DATA ELEMENTS--GENERAL INFORMATION | |
| fixed length control field | 911122s1994 nyua b 001 0 eng |
| 010 ## - LIBRARY OF CONGRESS CONTROL NUMBER | |
| LC control number | 91043425 |
| 020 ## - INTERNATIONAL STANDARD BOOK NUMBER | |
| International Standard Book Number | 0883188627 : |
| Terms of availability | $24.95 |
| 035 ## - SYSTEM CONTROL NUMBER | |
| System control number | (OCoLC)25025997 |
| 035 ## - SYSTEM CONTROL NUMBER | |
| System control number | (OCoLC)ocm25025997 |
| 035 ## - SYSTEM CONTROL NUMBER | |
| System control number | (NNC)1154283 |
| 040 ## - CATALOGING SOURCE | |
| Original cataloging agency | DLC |
| Transcribing agency | DLC |
| Modifying agency | NNC |
| 050 00 - LIBRARY OF CONGRESS CALL NUMBER | |
| Classification number | Q158.5 |
| Item number | .W44 1992 |
| 082 00 - DEWEY DECIMAL CLASSIFICATION NUMBER | |
| Classification number | 500 |
| Edition number | 20 |
| 300 ## - PHYSICAL DESCRIPTION | |
| Other physical details | ill. ; |
| Dimensions | 25 cm. |
| 100 1# - MAIN ENTRY--PERSONAL NAME | |
| Personal name | Wheeler, John Archibald, |
| Dates associated with a name | 1911-2008. |
| 9 (RLIN) | 14098 |
| 245 10 - TITLE STATEMENT | |
| Title | At home in the universe / |
| Statement of responsibility, etc | John Archibald Wheeler. |
| 260 ## - PUBLICATION, DISTRIBUTION, ETC. (IMPRINT) | |
| Place of publication, distribution, etc | New York, NY : |
| Name of publisher, distributor, etc | American Institute of Physics, |
| Date of publication, distribution, etc | c1994. |
| 263 ## - PROJECTED PUBLICATION DATE | |
| Projected publication date | 9203 |
| 300 ## - PHYSICAL DESCRIPTION | |
| Extent | vi, 371 p. ; |
| 490 1# - SERIES STATEMENT | |
| Series statement | Masters of modern physics |
| 504 ## - BIBLIOGRAPHY, ETC. NOTE | |
| Bibliography, etc | Includes bibliographical references and index. |
| 650 #0 - SUBJECT ADDED ENTRY--TOPICAL TERM | |
| Topical term or geographic name as entry element | Science. |
| 9 (RLIN) | 2892 |
| 650 #0 - SUBJECT ADDED ENTRY--TOPICAL TERM | |
| Topical term or geographic name as entry element | Physics. |
| 9 (RLIN) | 2736 |
| 830 #0 - SERIES ADDED ENTRY--UNIFORM TITLE | |
| Uniform title | Masters of modern physics. |
| 9 (RLIN) | 14099 |
| 942 ## - ADDED ENTRY ELEMENTS (KOHA) | |
| Source of classification or shelving scheme | Library of Congress Classification |
| Koha item type | Monograph ( Printed materials) |
| Withdrawn status | Lost status | Source of classification or shelving scheme | Damaged status | Not for loan | Collection code | Home library | Current library | Shelving location | Date acquired | Total Checkouts | Full call number | Barcode | Date last seen | Price effective from | Koha item type |
|---|---|---|---|---|---|---|---|---|---|---|---|---|---|---|---|
| Library of Congress Classification | Main Collection | ARRUPE LIBRARY | ARRUPE LIBRARY | Main Collection | 16/01/2015 | Q158.5 .W44 1992 | 46500003220 | 03/07/2019 | 16/01/2015 | Monograph ( Printed materials) |